[Event "GMB"]
[Site "Bermuda BER"]
[Date "2003.01.25"]
[Round "1"]
[White "Schmaltz,R"]
[Black "Dinstuhl,V"]
[Result "1-0"]
[WhiteElo "2529"]
[BlackElo "2416"]
[EventDate "2003.01.25"]

1. e4 c5 2. Nf3 d6 3. d4 cxd4 4. Nxd4 Nf6 5. Nc3 a6 6. f3 e6 7. g4 Nc6 8.
Be3 Be7 9. Qd2 O-O 10. O-O-O Nxd4 11. Qxd4 b5 12. g5 Nd7 13. f4 Rb8 14. h4
b4 15. Ne2 Qc7 16. Kb1 e5 17. Qd2 Nc5 18. Bg2 Bb7 19. Ng3 exf4 20. Bxf4
Rfe8 21. Rhe1 Qa5 22. Nf5 Nxe4 23. Bxe4 Bxe4 24. Rxe4 Qxf5 25. Rde1 Qd7 26.
Qe2 Rb7 27. Qxa6 g6 28. Bxd6 Rd8 29. Rxe7 1-0

[Event "GMB"]
[Site "Bermuda BER"]
[Date "2003.01.25"]
[Round "1"]
[White "Moreno Carnero,J"]
[Black "Kallio,H"]
[Result "1-0"]
[WhiteElo "2508"]
[BlackElo "2474"]
[EventDate "2003.01.25"]

1. e4 g6 2. d4 Bg7 3. Nf3 d6 4. Be2 c5 5. d5 Nf6 6. Nc3 Na6 7. O-O Nc7 8.
a4 a6 9. Bf4 O-O 10. Re1 Bg4 11. h3 Bxf3 12. Bxf3 Nd7 13. a5 Nb5 14. Na4
Qc7 15. Bg4 Rad8 16. c3 Rfe8 17. Bxd7 Rxd7 18. Nb6 Rdd8 19. Qd3 Bf6 20. Qg3
Be5 21. Rad1 Bxf4 22. Qxf4 e5 23. dxe6 fxe6 24. Rd2 Re7 25. Red1 Kg7 26. h4
Rf8 27. Qg4 Ree8 28. Nc4 d5 29. exd5 Rf4 30. Qe2 Rxh4 31. g3 Rxc4 32. d6
Qxa5 33. Qxc4 Qb6 34. d7 Rd8 35. Qh4 h5 36. Qe7+ Kh6 37. Re1 Na7 38. Rxe6
Nc6 39. Qf6 1-0

[Event "GMB"]
[Site "Bermuda BER"]
[Date "2003.01.25"]
[Round "1"]
[White "Perelshteyn,E"]
[Black "Mulyar,M"]
[Result "1-0"]
[WhiteElo "2442"]
[BlackElo "2446"]
[EventDate "2003.01.25"]

1. e4 e5 2. Nf3 Nc6 3. Bb5 a6 4. Ba4 Nf6 5. O-O b5 6. Bb3 Bb7 7. d3 Be7 8.
Nc3 d6 9. a4 Na5 10. Ba2 b4 11. Ne2 O-O 12. Ng3 c5 13. Nf5 Bc8 14. N3h4 Be6
15. Qf3 Ne8 16. Nxe7+ Qxe7 17. Nf5 Qd7 18. Bd5 Bxd5 19. exd5 f6 20. b3 g6
21. Nh6+ Kh8 22. Ng4 h5 23. Ne3 Ng7 24. Qg3 g5 25. h4 g4 26. f3 gxf3 27.
gxf3 Nf5 28. Qh3 Qg7+ 29. Kh2 Nd4 30. Bb2 Rg8 31. Bxd4 cxd4 32. Nf5 Qc7 33.
Rf2 Nb7 34. Ng3 Qh7 35. Qf5 Rg6 36. Rg1 Rag8 37. Rfg2 Qg7 38. Qh3 Qh6 39.
Qf5 Qg7 40. Qh3 Qf7 41. Ne4 Rxg2+ 42. Rxg2 Rxg2+ 43. Kxg2 Kg7 44. Qe6 f5
45. Ng3 f4 46. Nf5+ Kf8 47. Qh6+ Kg8 48. Qg5+ Kh7 49. Kh2 a5 50. Qh6+ Kg8
51. Nxd6 Qxd5 52. Qg6+ Kf8 53. Qf6+ Kg8 54. Nf5 1-0

[Event "GMB"]
[Site "Bermuda BER"]
[Date "2003.01.25"]
[Round "1"]
[White "Fridman,D"]
[Black "Paschall,W"]
[Result "1-0"]
[WhiteElo "2572"]
[BlackElo "2444"]
[EventDate "2003.01.25"]

1. g3 Nf6 2. Bg2 d5 3. Nf3 c6 4. O-O Bg4 5. d4 Nbd7 6. Nbd2 e6 7. Re1 Be7
8. e4 dxe4 9. Nxe4 Nxe4 10. Rxe4 Bf5 11. Re1 O-O 12. c3 Re8 13. Bf4 Qb6 14.
Qb3 a5 15. Ne5 Qxb3 16. axb3 Nxe5 17. Rxe5 g5 18. Bd2 Bd8 19. b4 Bc7 20.
Ree1 axb4 21. Bxg5 bxc3 22. bxc3 Kg7 23. c4 Bd3 24. c5 Ba5 25. Rec1 Ra6 26.
Be3 Rea8 27. Bf1 Bxf1 28. Kxf1 Bd8 29. Rab1 R8a7 30. Ke2 Kf8 31. Rc2 Ra2
32. Rxa2 Rxa2+ 33. Kf3 Ra7 34. Bf4 Bf6 35. Ke4 Ra4 36. Be5 Be7 37. Rxb7 f6
38. Bd6 Bxd6 39. cxd6 c5 40. Rxh7 Rxd4+ 41. Ke3 Rxd6 42. Rc7 Rd5 43. g4 Rd4
44. f3 Rc4 45. h4 f5 46. h5 fxg4 47. h6 Kg8 48. Rg7+ Kh8 49. fxg4 Rd4 50.
g5 Rh4 51. Kf3 c4 52. Rc7 Rh1 53. Kg4 e5 54. Kf5 Rf1+ 55. Kg6 Rf8 56. h7
1-0

[Event "GMB"]
[Site "Bermuda BER"]
[Date "2003.01.26"]
[Round "2"]
[White "Kallio,H"]
[Black "Blatny,P"]
[Result "1-0"]
[WhiteElo "2474"]
[BlackElo "2475"]
[EventDate "2003.01.25"]

1. c4 b6 2. Nc3 Bb7 3. d4 e6 4. e4 Bb4 5. Bd3 f5 6. Qh5+ Kf8 7. f3 c5 8. d5
g6 9. Qh3 exd5 10. cxd5 c4 11. Bc2 Na6 12. Nge2 Bc5 13. a3 fxe4 14. fxe4
Qe7 15. Bf4 Kg7 16. d6 Qe8 17. Rf1 h6 18. Be5+ Qxe5 19. Qxd7+ Ne7 20. Qxb7
Qxd6 21. Rd1 Qxh2 22. Rd7 Qh4+ 23. g3 Qg5 24. Nd5 Rad8 25. Rxe7+ Bxe7 26.
Qxa6 Rhe8 27. Qxc4 Bd6 28. Rf3 Be5 29. Kf2 Rc8 30. Qd3 h5 31. Ba4 Rf8 32.
Nef4 Kh6 33. Ke2 Qg4 34. Ne3 Qg5 35. Ne6 Qe7 36. Nxf8 Rxf8 37. Qd2 Rxf3 38.
Nf5+ 1-0

[Event "GMB"]
[Site "Bermuda BER"]
[Date "2003.01.26"]
[Round "2"]
[White "Paschall,W"]
[Black "Berg,E"]
[Result "1/2-1/2"]
[WhiteElo "2444"]
[BlackElo "2527"]
[EventDate "2003.01.25"]

1. d4 e6 2. Nf3 Nf6 3. c4 Bb4+ 4. Bd2 c5 5. Bxb4 cxb4 6. Nbd2 O-O 7. g3 d6
8. Bg2 Nc6 9. Nf1 Qa5 10. Ne3 b3+ 11. Qd2 Qxd2+ 12. Nxd2 Nxd4 13. Nxb3 Nxb3
14. axb3 a6 15. O-O Rb8 16. Rfd1 Rd8 17. b4 Kf8 18. c5 d5 19. Nc4 Bd7 20.
Nd6 Bc6 21. f4 Ne8 22. Nxe8 Kxe8 23. Ra3 Bb5 24. Re3 d4 25. Re4 d3 26. exd3
Bxd3 27. Ree1 Bb5 28. Kf2 Bc6 29. Bf1 Ke7 30. Ke3 h6 31. Be2 Bd5 32. b5
axb5 33. Bxb5 Rdc8 34. b4 b6 35. Rxd5 exd5 36. Kd4+ Kf6 37. Bd7 bxc5+ 38.
bxc5 Rc7 39. c6 Rb5 40. g4 Ra7 41. g5+ hxg5 42. fxg5+ Kxg5 43. Rc1 Ra4+ 44.
Ke5 Rc4 45. Rxc4 dxc4+ 46. Kd4 c3 47. c7 Rc5 48. Kxc5 c2 49. c8=Q c1=Q 50.
Kd6 Qxc8 1/2-1/2

[Event "GMB"]
[Site "Bermuda BER"]
[Date "2003.01.26"]
[Round "2"]
[White "Mulyar,M"]
[Black "Fridman,D"]
[Result "0-1"]
[WhiteElo "2446"]
[BlackElo "2572"]
[EventDate "2003.01.25"]

1. e4 c6 2. d4 d5 3. e5 Bf5 4. Nc3 e6 5. g4 Bg6 6. Nge2 Bb4 7. a3 Bxc3+ 8.
Nxc3 h5 9. Be3 Ne7 10. f3 Nd7 11. Qd2 hxg4 12. fxg4 c5 13. Nb5 cxd4 14.
Nd6+ Kf8 15. Bxd4 Nc6 16. O-O-O Nxd4 17. Qxd4 Qg5+ 18. Kb1 Qxe5 19. Qxe5
Nxe5 20. Be2 Ke7 21. Nxb7 Rhc8 22. Rd2 Rab8 23. Ka1 Rxb7 24. Ba6 Rcb8 25.
Bxb7 Rxb7 26. h3 Nc4 27. Rd4 e5 28. Re1 Kd6 0-1

[Event "GMB"]
[Site "Bermuda BER"]
[Date "2003.01.26"]
[Round "2"]
[White "Seul,G"]
[Black "Perelshteyn,E"]
[Result "0-1"]
[WhiteElo "2437"]
[BlackElo "2442"]
[EventDate "2003.01.25"]

1. e4 c5 2. Nf3 g6 3. d4 Bg7 4. d5 Nf6 5. Nc3 d6 6. Be2 Bg4 7. O-O O-O 8.
Nd2 Bxe2 9. Qxe2 Nbd7 10. Nc4 Nb6 11. Ne3 Re8 12. a4 e6 13. Qb5 exd5 14.
exd5 a6 15. Qb3 Qc7 16. Bd2 Rac8 17. a5 Nbd7 18. Qa4 Re7 19. Nc4 Ne5 20.
Nb6 Rce8 21. Qh4 Ned7 22. Bg5 h6 23. Bxh6 Nxb6 24. axb6 Qxb6 25. Bxg7 Kxg7
26. Rab1 Qb4 27. Qg3 Re5 28. h3 Nxd5 29. Rfd1 Nf6 30. Rxd6 Re1+ 31. Rxe1
Rxe1+ 32. Kh2 Qxb2 33. Qf3 Re6 34. Rxe6 fxe6 35. Qg3 Qb6 36. Qe5 Qc6 37. g4
Kf7 38. g5 Nd7 39. Qf4+ Ke7 40. Ne4 Qd5 41. Qh4 Qf5 42. Qh7+ Kd8 43. f3 Ne5
44. Qxb7 Qf4+ 45. Kg2 Qxf3+ 46. Kh2 Qe2+ 47. Kg3 Qe3+ 48. Kg2 Qf3+ 49. Kh2
Nd7 50. Qc6 Qf4+ 51. Kg2 Ke7 52. c3 a5 53. Qa8 Qe5 54. Qc6 Qd5 55. Qa4 c4
0-1

[Event "GMB"]
[Site "Bermuda BER"]
[Date "2003.01.26"]
[Round "2"]
[White "Moreno Carnero,J"]
[Black "Schmaltz,R"]
[Result "1/2-1/2"]
[WhiteElo "2508"]
[BlackElo "2529"]
[EventDate "2003.01.25"]

1. e4 c5 2. Nf3 e6 3. d4 cxd4 4. Nxd4 a6 5. Nc3 b5 6. Bd3 Qb6 7. Nf3 Qc7 8.
O-O Bb7 9. Bg5 d6 10. a4 b4 11. Na2 h6 12. Bd2 Nf6 13. Re1 a5 14. c3 bxc3
15. Nxc3 Be7 16. Nd4 Nbd7 17. Rc1 Qd8 18. Qf3 Ne5 19. Bb5+ Kf8 20. Qh3 Kg8
21. Rcd1 1/2-1/2

[Event "GMB"]
[Site "Bermuda BER"]
[Date "2003.01.27"]
[Round "3"]
[White "Perelshteyn,E"]
[Black "Dinstuhl,V"]
[Result "1/2-1/2"]
[WhiteElo "2442"]
[BlackElo "2416"]
[EventDate "2003.01.25"]

1. e4 c5 2. Nf3 d6 3. d4 cxd4 4. Nxd4 Nf6 5. Nc3 a6 6. f3 e5 7. Nb3 Be6 8.
Be3 Be7 9. Qd2 O-O 10. O-O-O Nbd7 11. g4 Qc7 12. g5 Nh5 13. Nd5 Bxd5 14.
exd5 f5 15. gxf6 Bxf6 16. Bd3 Nf4 17. Bxf4 exf4 18. Kb1 Ne5 19. Nd4 Nxd3
20. Qxd3 Qb6 21. Rhe1 Rae8 22. Re4 Rxe4 1/2-1/2

[Event "GMB"]
[Site "Bermuda BER"]
[Date "2003.01.27"]
[Round "3"]
[White "Fridman,D"]
[Black "Seul,G"]
[Result "1/2-1/2"]
[WhiteElo "2572"]
[BlackElo "2437"]
[EventDate "2003.01.25"]

1. Nf3 d6 2. d4 Bg4 3. e4 Nf6 4. h3 Bh5 5. Bd3 e6 6. c4 Be7 7. Nc3 c6 8.
Be3 O-O 9. O-O d5 10. e5 Nfd7 11. g4 Bg6 12. Bxg6 fxg6 13. Nd2 Na6 14. cxd5
cxd5 15. Qb3 Rb8 16. Nb5 Nc7 17. f4 Nxb5 18. Qxb5 a6 19. Qa4 Rc8 20. Rac1
Nb8 21. Qb3 Qd7 22. a3 Rxc1 23. Rxc1 Rc8 24. Rxc8+ Qxc8 25. f5 gxf5 26.
gxf5 Nc6 27. Kh2 b5 28. fxe6 Qxe6 29. Qc3 h6 30. Nf3 Bf8 31. Ng1 Ne7 32.
Ne2 g5 33. Ng3 Nf5 34. Nh5 Be7 35. Bf2 Kf7 36. Qf3 Kg6 37. Qg4 Kf7 38. Be1
Ng7 39. Qf3+ Kg6 40. Ng3 h5 41. Qd3+ Kf7 42. Qf3+ Kg6 43. Bd2 Qc6 44. Qd3+
Kf7 45. Qf3+ Kg6 46. Qd3+ Kf7 47. Qf3+ 1/2-1/2

[Event "GMB"]
[Site "Bermuda BER"]
[Date "2003.01.28"]
[Round "4"]
[White "Kallio,H"]
[Black "Paschall,W"]
[Result "0-1"]
[WhiteElo "2474"]
[BlackElo "2444"]
[EventDate "2003.01.25"]

1. e4 d5 2. exd5 Nf6 3. Bb5+ Bd7 4. Be2 Nxd5 5. d4 Bf5 6. Nf3 e6 7. O-O Be7
8. c4 Nb4 9. Na3 N8c6 10. Be3 O-O 11. Qd2 Qd7 12. Rfd1 Rfd8 13. Qc3 a6 14.
b3 Bf6 15. Ne5 Bxe5 16. dxe5 Qe7 17. Rxd8+ Rxd8 18. f4 Be4 19. c5 Qd7 20.
Kf2 Nd5 21. Qc1 Ncb4 22. g3 Qc6 23. Qd2 Rd7 24. Qd4 Nxe3 25. Qxb4 Nd5 26.
Qc4 b5 27. Qxe4 Qxc5+ 28. Kg2 Qxa3 29. f5 exf5 30. Qf3 Qb2 31. Rd1 Qxe5 32.
a4 g6 33. Rd3 f4 34. Kf2 fxg3+ 35. hxg3 c6 36. Kg2 Re7 37. Rd2 Qg5 38. Rd4
Re3 39. Qf2 Qe5 40. Rd2 Rxb3 41. Bf3 Qe3 42. Qxe3 Rxe3 43. a5 Ra3 0-1

[Event "GMB"]
[Site "Bermuda BER"]
[Date "2003.01.28"]
[Round "4"]
[White "Seul,G"]
[Black "Berg,E"]
[Result "0-1"]
[WhiteElo "2437"]
[BlackElo "2527"]
[EventDate "2003.01.25"]

1. e4 c5 2. d3 Nc6 3. f4 e6 4. Nf3 d5 5. Be2 Nf6 6. e5 Ng4 7. c3 Bd7 8. Na3
Qb6 9. Nc2 Ne7 10. h3 Nh6 11. g4 Nhg8 12. d4 h5 13. dxc5 Qxc5 14. Be3 Qa5
15. Rg1 Nc6 16. Bd3 hxg4 17. hxg4 O-O-O 18. b4 Qc7 19. Rb1 b6 20. Ncd4 Kb8
21. a4 f6 22. a5 g5 23. axb6 axb6 24. b5 Nxd4 25. cxd4 gxf4 26. Bxf4 Bh6
27. Bg3 Be3 28. exf6 Bf4 29. Bxf4 Qxf4 30. Qe2 Kb7 31. g5 e5 32. dxe5 Rh3
33. Kf2 Bg4 34. Rxg4 Qxg4 35. Rg1 Qf4 36. e6 Ra8 37. e7 Ra2 38. e8=Q Rxf3+
39. Ke1 Qc1+ 40. Qd1 Qc3+ 0-1

[Event "GMB"]
[Site "Bermuda BER"]
[Date "2003.01.28"]
[Round "4"]
[White "Dinstuhl,V"]
[Black "Fridman,D"]
[Result "1/2-1/2"]
[WhiteElo "2416"]
[BlackElo "2572"]
[EventDate "2003.01.25"]

1. c4 e5 2. Nc3 d6 3. g3 f5 4. Bg2 Nf6 5. d3 Be7 6. Nf3 O-O 7. O-O Nc6 8.
Rb1 a5 9. a3 Qe8 10. b4 axb4 11. axb4 Qh5 12. b5 Nd8 13. Nd5 Nxd5 14. cxd5
Bd7 15. Qc2 Rc8 16. Rb4 Qe8 17. Rc4 Bxb5 18. Rxc7 Nf7 19. Ba3 Bf6 20. Rxc8
Qxc8 21. Qb3 Bd7 22. Rc1 Qb8 23. Ne1 Bd8 24. Nc2 Qa7 25. Ra1 Ba4 26. Qc3
Bb6 27. e3 Ra8 28. Bb4 Qb8 29. Ra3 Ra6 30. Bf1 Ra7 31. Na1 Bd7 32. Rxa7
Qxa7 33. Nb3 Kf8 34. d4 exd4 35. Nxd4 Bxd4 36. exd4 b6 37. h4 g6 38. Qe3
Qa1 39. Qa3 Qxa3 40. Bxa3 Ke7 41. Bc4 f4 42. Bc1 fxg3 43. fxg3 Kf6 44. Bf4
b5 45. Bb3 Bf5 46. Kf2 Bd3 47. Kf3 h6 48. Bd2 g5 49. h5 g4+ 50. Kxg4 Be2+
51. Kf4 Bxh5 52. Bb4 Be2 53. g4 Ke7 54. Bc2 Ng5 55. Bf5 Bc4 56. Be4 Be2 57.
Bf5 Bf3 58. Be6 Bg2 59. Kf5 Be4+ 60. Kf4 Bd3 61. Bf5 Be2 62. Bc2 Bc4 63.
Be4 Nh3+ 64. Ke3 Ng5 1/2-1/2

[Event "GMB"]
[Site "Bermuda BER"]
[Date "2003.01.28"]
[Round "4"]
[White "Moreno Carnero,J"]
[Black "Perelshteyn,E"]
[Result "1/2-1/2"]
[WhiteElo "2508"]
[BlackElo "2442"]
[EventDate "2003.01.25"]

1. e4 c5 2. Nf3 g6 3. d4 cxd4 4. Nxd4 Nc6 5. Nc3 Bg7 6. Be3 Nf6 7. Bc4 O-O
8. Bb3 a5 9. a4 Nxd4 10. Bxd4 d6 11. Qe2 Nd7 12. Bxg7 Kxg7 13. O-O-O Nc5
14. Bc4 Be6 15. e5 Rc8 16. Bb5 d5 17. Qe3 Qc7 18. f3 Rfd8 19. Rd2 f6 20.
Re1 Qxe5 21. Qxe5 fxe5 22. Rxe5 d4 23. Ne4 Nb3+ 24. Kd1 Nxd2 25. Kxd2 Bf7
26. Rxe7 b6 27. Ng5 Kf6 28. Rxf7+ Kxg5 29. f4+ Kh6 30. g4 g5 31. Bd3 Rh8
32. Rf6+ Kg7 33. fxg5 h5 34. Rg6+ Kf7 35. Rf6+ Ke7 36. gxh5 Rxh5 37. Rxb6
Rxh2+ 38. Kc1 Rh1+ 39. Kd2 Rf8 40. Be4 Rh3 41. b3 Re3 42. Bd3 Rf2+ 43. Kc1
Re1+ 44. Kb2 Rd1 45. Ka3 1/2-1/2

[Event "GMB"]
[Site "Bermuda BER"]
[Date "2003.01.29"]
[Round "5"]
[White "Perelshteyn,E"]
[Black "Schmaltz,R"]
[Result "1/2-1/2"]
[WhiteElo "2442"]
[BlackElo "2529"]
[EventDate "2003.01.25"]

1. e4 c5 2. Nf3 e6 3. d4 cxd4 4. Nxd4 a6 5. Nc3 b5 6. Bd3 Qb6 7. Nb3 Qc7 8.
O-O Bb7 9. Qe2 d6 10. f4 Nd7 11. a4 b4 12. Nd1 Ngf6 13. Nf2 Be7 14. a5 e5
15. Bd2 exf4 16. Bxf4 Ne5 17. Nd4 O-O 18. Nf5 Rfe8 19. Bxe5 dxe5 20. Ng4
Bc5+ 21. Kh1 Nxg4 22. Qxg4 f6 23. Rf3 Bf8 24. b3 Bc8 25. Bc4+ Kh8 26. Rh3
g5 27. Qh5 Bxf5 28. exf5 Qg7 29. Bxa6 e4 30. Bc4 Re5 31. g4 e3 32. Qf7 Qxf7
33. Bxf7 Bc5 34. Bc4 e2 35. Re1 Rxa5 36. Rxe2 Ra1+ 37. Kg2 Rg1+ 38. Kf3
Rf1+ 1/2-1/2

[Event "GMB"]
[Site "Bermuda BER"]
[Date "2003.01.29"]
[Round "5"]
[White "Fridman,D"]
[Black "Moreno Carnero,J"]
[Result "1/2-1/2"]
[WhiteElo "2572"]
[BlackElo "2508"]
[EventDate "2003.01.25"]

1. d4 Nf6 2. c4 g6 3. g3 Bg7 4. Bg2 O-O 5. Nc3 d6 6. Nf3 c6 7. O-O Qb6 8.
h3 Qa6 9. b3 b5 10. Nd2 Bb7 11. Bb2 Nbd7 12. e3 bxc4 13. Nxc4 Nb6 14. Nd2
c5 15. dxc5 dxc5 1/2-1/2

[Event "GMB"]
[Site "Bermuda BER"]
[Date "2003.01.29"]
[Round "5"]
[White "Berg,E"]
[Black "Dinstuhl,V"]
[Result "1-0"]
[WhiteElo "2527"]
[BlackElo "2416"]
[EventDate "2003.01.25"]

1. e4 c5 2. Nf3 d6 3. d4 cxd4 4. Nxd4 Nf6 5. Nc3 a6 6. Be3 e5 7. Nb3 Be7 8.
f3 Be6 9. Qd2 O-O 10. O-O-O Nbd7 11. g4 Qc7 12. h4 b5 13. Kb1 b4 14. Nd5
Bxd5 15. exd5 Nb6 16. Bxb6 Qxb6 17. Bh3 a5 18. Nc1 Qb5 19. Rhe1 Bd8 20. Ne2
a4 21. g5 Nd7 22. Ng3 Ba5 23. Qe2 Qxe2 24. Rxe2 Nc5 25. Nf5 Bc7 26. Rg1
Rfe8 27. Rg4 Rab8 28. Rc4 Kf8 29. Ng3 Ba5 30. Nf5 Bc7 31. Bf1 g6 32. Nh6
Kg7 33. Ng4 Bd8 34. f4 e4 35. h5 f5 36. gxf6+ Bxf6 37. Rg2 gxh5 38. Ne3+
Kh8 39. Nf5 e3 40. Nxd6 Rf8 41. Rxc5 Be7 42. Rc6 Rxf4 43. Bd3 Rbf8 44. a3
bxa3 45. Rc7 Rf1+ 46. Ka2 axb2 47. Kxb2 Rb8+ 48. Ka2 1-0

[Event "GMB"]
[Site "Bermuda BER"]
[Date "2003.01.29"]
[Round "5"]
[White "Paschall,W"]
[Black "Mulyar,M"]
[Result "1/2-1/2"]
[WhiteElo "2444"]
[BlackElo "2446"]
[EventDate "2003.01.25"]

1. g3 e5 2. c4 Nc6 3. Bg2 g6 4. Nc3 Bg7 5. e3 d6 6. Nge2 Nge7 7. d3 O-O 8.
O-O Be6 9. Nd5 Qd7 10. Rb1 Rab8 11. Bd2 f5 12. f4 Nd8 13. Nxe7+ Qxe7 14.
Qa4 a6 15. Qc2 Nf7 16. b3 c6 17. Bb4 Rfd8 18. fxe5 Nxe5 19. Rbe1 Ng4 20.
Bd2 Bf7 21. Qc1 d5 22. c5 Re8 23. Nf4 Rbd8 24. h3 Nf6 25. Ne2 h5 26. b4 Rd7
27. Nd4 Qd8 28. Re2 Rde7 29. Be1 Nd7 30. Nc2 Ne5 31. Qd1 Rd7 32. Nd4 Bh6
33. Bf2 a5 34. b5 Qc7 35. bxc6 bxc6 36. Rb2 Rde7 37. Rb6 Rb8 38. Qb3 Ree8
39. Rb1 Nd7 40. Rxb8 Rxb8 41. Qc2 Rxb1+ 42. Qxb1 Nxc5 43. e4 fxe4 44. dxe4
Nxe4 45. Bxe4 dxe4 46. Qxe4 c5 47. Ne6 Qd6 48. Nxc5 Qd1+ 49. Kh2 Qd2 50.
Kg1 Qxa2 51. Nd7 Qa1+ 52. Kh2 Qb2 53. Qa8+ Kh7 54. Qf3 Qb3 55. Nf6+ Kg7 56.
Qe2 Qa2 57. Ne8+ Kh7 58. Nf6+ Kg7 59. Ne8+ Kh7 60. Nf6+ Kh8 61. Qxa2 Bxa2
62. Bd4 Bg7 63. Kg1 a4 64. Kf2 a3 65. h4 Be6 66. Ke1 Bb3 67. Ke2 Bc4+ 68.
Kd1 Bb3+ 69. Ke2 Be6 70. Kd1 Bf5 71. Be5 Bd3 72. Kd2 Bc4 73. Kc3 Ba2 74.
Kc2 Be6 75. Kb1 Bxf6 1/2-1/2

[Event "GMB"]
[Site "Bermuda BER"]
[Date "2003.01.30"]
[Round "6"]
[White "Kallio,H"]
[Black "Mulyar,M"]
[Result "1-0"]
[WhiteElo "2474"]
[BlackElo "2446"]
[EventDate "2003.01.25"]

1. d4 d5 2. c4 c6 3. Nf3 Nf6 4. e3 a6 5. b3 Bg4 6. Be2 e6 7. O-O Nbd7 8.
Bb2 Bd6 9. Nbd2 O-O 10. Ne5 Bxe2 11. Qxe2 Ne4 12. Nxe4 dxe4 13. Rad1 f5 14.
Nxd7 Qxd7 15. f3 Qc7 16. g3 exf3 17. Qxf3 c5 18. d5 e5 19. e4 f4 20. Qg4
Rf6 21. Rd3 b5 22. Qe2 Rg6 23. Kh1 fxg3 24. Rxg3 Rxg3 25. hxg3 Qd7 26. Kg2
g6 27. Bc1 b4 28. Bh6 a5 29. Qf3 Qe7 30. Qg4 Re8 31. Rf2 Qd8 32. Rf3 Qe7
33. Bg5 Qc7 34. Rf6 Kg7 35. Re6 Qc8 36. Bh6+ Kh8 37. Qf3 Rxe6 38. Qf7 1-0

[Event "GMB"]
[Site "Bermuda BER"]
[Date "2003.01.30"]
[Round "6"]
[White "Seul,G"]
[Black "Paschall,W"]
[Result "0-1"]
[WhiteElo "2437"]
[BlackElo "2444"]
[EventDate "2003.01.25"]

1. e4 c5 2. Nf3 Nc6 3. Bb5 d6 4. O-O Bd7 5. Re1 Nf6 6. c3 a6 7. Bf1 Bg4 8.
h3 Bxf3 9. Qxf3 g6 10. Na3 Nd7 11. Nc2 Bg7 12. Qd1 Qb6 13. b3 Qa7 14. d4
cxd4 15. cxd4 Bxd4 16. Nxd4 Qxd4 17. Qxd4 Nxd4 18. Bb2 e5 19. Bxd4 exd4 20.
Rad1 Ke7 21. Rxd4 Rhc8 22. Red1 Rc6 23. b4 Nf8 24. b5 axb5 25. Bxb5 Rc5 26.
a4 Rd8 27. Rb4 b6 28. Be2 Rc2 29. Bd3 Ra2 30. Rc1 Ne6 31. Rc6 Nc5 32. Bc4
Ra1+ 33. Kh2 Rd7 34. Bb5 Ra7 35. Rd4 Nxa4 36. Rc8 Nc5 37. Re8+ Kf6 38.
Rxd6+ Kg7 39. Rxb6 Rb1 40. Rbb8 Ra2 41. Rg8+ Kh6 42. Bc6 Rf1 43. e5 Nd3 44.
Bd5 Rd2 45. Bc4 Rfxf2 46. Bxd3 Rxg2+ 47. Kh1 Rh2+ 48. Kg1 Rxh3 49. Bc4 Rc3
50. Rbc8 Rc1+ 51. Bf1 Re1 52. Rgf8 Rd7 53. Rce8 Kg5 54. Kf2 Re4 55. Bh3
Rd2+ 56. Kf3 Rde2 0-1

[Event "GMB"]
[Site "Bermuda BER"]
[Date "2003.01.30"]
[Round "6"]
[White "Dinstuhl,V"]
[Black "Blatny,P"]
[Result "0-1"]
[WhiteElo "2416"]
[BlackElo "2475"]
[EventDate "2003.01.25"]

1. d4 Nf6 2. c4 e6 3. Nf3 d5 4. Nc3 Bb4 5. Bg5 h6 6. Bxf6 Qxf6 7. e3 O-O 8.
Rc1 Nc6 9. cxd5 exd5 10. Be2 Ne7 11. Qb3 Bxc3+ 12. Qxc3 c6 13. O-O Ng6 14.
b4 a6 15. a4 Bg4 16. Qd2 Rae8 17. b5 axb5 18. axb5 Re6 19. bxc6 bxc6 20.
Ne5 Bxe2 21. Nxg6 Qxg6 22. Qxe2 Rfe8 23. Rc3 f5 24. Qc2 Rf6 25. Rc1 Ree6
26. g3 h5 27. h4 Qh6 28. Qb3 Kh7 29. Kg2 Qg6 30. Qb7 f4 31. exf4 Rxf4 32.
Rxc6 Qe4+ 33. Kg1 Rxf2 34. Kxf2 Qxd4+ 35. Kf1 Qd3+ 36. Kg1 Qxg3+ 37. Kh1
Qxh4+ 38. Kg1 Qg3+ 39. Kh1 Re4 40. Qb1 g6 41. R6c4 Qf3+ 0-1

[Event "GMB"]
[Site "Bermuda BER"]
[Date "2003.01.30"]
[Round "6"]
[White "Schmaltz,R"]
[Black "Fridman,D"]
[Result "1/2-1/2"]
[WhiteElo "2529"]
[BlackElo "2572"]
[EventDate "2003.01.25"]

1. e4 c6 2. d4 d5 3. Nd2 dxe4 4. Nxe4 Bf5 5. Ng3 Bg6 6. Nf3 Nd7 7. h4 h6 8.
h5 Bh7 9. Bd3 Bxd3 10. Qxd3 e6 11. Ne4 Ngf6 12. Bf4 Nxe4 13. Qxe4 Nf6 14.
Qe2 Qd5 15. c4 Bb4+ 16. Kf1 Qf5 17. Qe5 Qd3+ 18. Qe2 Qf5 19. Qe5 Qd3+ 20.
Qe2 Qf5 1/2-1/2

[Event "GMB"]
[Site "Bermuda BER"]
[Date "2003.02.01"]
[Round "7"]
[White "Perelshteyn,E"]
[Black "Kallio,H"]
[Result "0-1"]
[WhiteElo "2442"]
[BlackElo "2474"]
[EventDate "2003.01.25"]

1. e4 c6 2. d4 d5 3. Nd2 dxe4 4. Nxe4 Nd7 5. Nf3 Ngf6 6. Nxf6+ Nxf6 7. Bc4
Bf5 8. Ne5 e6 9. c3 Bd6 10. Qe2 Qc7 11. g4 Be4 12. f3 Bd5 13. Bd3 b5 14. a4
O-O 15. Bf4 a6 16. O-O Bb3 17. Bg3 Nd5 18. axb5 axb5 19. Rxa8 Rxa8 20. Qe4
g6 21. g5 Ra4 22. Qe1 Bc4 23. Bxc4 bxc4 24. Ng4 Ra2 25. Qb1 Ra5 26. Kg2 Rb5
27. Qc2 Qd8 28. Qd2 c5 29. dxc5 Bxc5 30. Nf6+ Kf8 31. Kh1 Be3 32. Qe2 Bxg5
33. Nxh7+ Kg8 34. Qxc4 Rxb2 35. Nxg5 Qxg5 36. Qd4 Rd2 37. f4 Rxd4 38. fxg5
Rg4 39. Rc1 Rxg5 40. c4 Nb4 41. Rb1 Nd3 42. Rb3 Nc5 43. Rb5 Ne4 44. Kg2 f5
45. Kf3 Nxg3 46. hxg3 Rg4 47. Rc5 Kf7 48. Rc7+ Kf6 49. Rc8 g5 50. Rf8+ Ke7
51. Ra8 Kf7 52. Rc8 Re4 53. Kg2 g4 54. Kf2 Ke7 55. Rc7+ Kd6 56. Rc8 Ke5 57.
Rc7 Kd4 58. Rc8 Re5 59. Rc6 Kd3 60. Rc8 Re2+ 61. Kf1 Re4 62. Rc6 Ke3 63.
Kg2 Re5 64. Rd6 Re4 65. c5 e5 66. Re6 Kd4 67. Rf6 Re2+ 68. Kf1 Rc2 69. Rxf5
Rxc5 70. Ke1 Ke4 71. Rf8 Rc3 72. Kf2 Rc4 73. Rf7 Rc2+ 74. Kf1 Ra2 75. Rb7
Rd2 76. Rb4+ Rd4 77. Rb8 Ke3 78. Ke1 Kf3 79. Rb3+ Kg2 80. Re3 e4 81. Ke2
Ra4 82. Ke1 Ra2 83. Rxe4 Kxg3 84. Kf1 Ra1+ 85. Ke2 Rg1 86. Re8 Kg2 87. Rg8
g3 88. Rh8 Ra1 89. Rg8 0-1

[Event "GMB"]
[Site "Bermuda BER"]
[Date "2003.02.01"]
[Round "7"]
[White "Berg,E"]
[Black "Schmaltz,R"]
[Result "1/2-1/2"]
[WhiteElo "2527"]
[BlackElo "2529"]
[EventDate "2003.01.25"]

1. e4 c5 2. Nf3 e6 3. d4 cxd4 4. Nxd4 a6 5. Nc3 b5 6. Bd3 Qb6 7. Nf3 Qc7 8.
O-O Bb7 9. a4 b4 10. Ne2 Nf6 11. Bf4 d6 12. Ng3 Nc6 13. Rc1 Be7 14. c3 Qd7
15. c4 O-O 16. Bc2 Rfd8 17. Qe2 Qe8 18. Rcd1 Qf8 19. Be3 Nd7 20. Ne1 Bf6
21. b3 g6 22. f3 Qe7 23. Qf2 Bg7 24. Nd3 Nde5 25. Nf4 Nd7 26. Nd3 Nde5 27.
Nf4 Nd7 28. Nge2 Nc5 29. Nd3 Bf8 30. Nd4 Nxd3 31. Bxd3 Ne5 32. Nc2 d5 33.
exd5 exd5 34. c5 Nd7 35. Nxb4 Nxc5 36. Nc2 Nxb3 37. Rb1 d4 38. Nxd4 Nxd4
39. Bxd4 Bc6 40. Be4 Rac8 41. Rfe1 Qd7 42. Bb6 Bxa4 43. Bb7 Qxb7 44. Bxd8
Qxb1 45. Rxb1 Bc5 46. Qxc5 Rxc5 47. Bf6 Rc8 48. Rb6 Bb5 49. Rd6 Kf8 50.
Rd8+ Rxd8 51. Bxd8 Ke8 52. Ba5 Kd7 53. Kf2 Kc6 54. h4 Bc4 55. Ke3 Kb5 56.
Bc3 a5 57. g3 a4 58. f4 Be6 59. Bh8 Kc4 60. Bf6 a3 61. Kd2 Bd7 62. Ke3 Kd5
63. Bc3 1/2-1/2

[Event "GMB"]
[Site "Bermuda BER"]
[Date "2003.02.01"]
[Round "7"]
[White "Blatny,P"]
[Black "Moreno Carnero,J"]
[Result "0-1"]
[WhiteElo "2475"]
[BlackElo "2508"]
[EventDate "2003.01.25"]

1. b3 d5 2. Bb2 Bg4 3. Qc1 e6 4. e3 Nf6 5. h3 Bh5 6. d3 c5 7. Be2 Bxe2 8.
Nxe2 Nc6 9. Nd2 Be7 10. O-O O-O 11. f4 Rc8 12. g4 Re8 13. Ng3 Bf8 14. Nf3
c4 15. g5 Nd7 16. bxc4 dxc4 17. d4 b5 18. c3 Nb6 19. a3 a5 20. Qd2 b4 21.
axb4 axb4 22. e4 b3 23. Qf2 Qc7 24. Ne5 Nxe5 25. fxe5 Ra8 26. Nh5 Rxa1 27.
Bxa1 Ra8 28. Qh4 Qb7 29. Nf6+ gxf6 30. gxf6 Kh8 31. Kh1 Ba3 32. Rf4 Bc1 33.
Rf1 Be3 34. Rf3 Rg8 35. Rxe3 Na4 36. Re2 b2 37. Bxb2 Nxb2 38. Rg2 Rxg2 39.
Kxg2 Nd3 40. Kf3 Qb2 41. Qg3 Nxe5+ 42. Qxe5 Qxc3+ 43. Kg4 Qb2 44. Qf4 Qg2+
45. Kh4 c3 46. d5 e5 47. Qf5 Qg8 48. Qh5 Qg6 49. Qxe5 h6 50. d6 c2 51. d7
c1=Q 52. d8=Q+ Kh7 53. Qda5 Qe3 54. Qac5 Qe1+ 0-1